| 000 | 00779nam a2200253 a 4500 | ||
|---|---|---|---|
| 005 | 20140310183511.0 | ||
| 008 | 101013s19uu xx 00 eng d | ||
| 020 | _a9780137063338 | ||
| 050 |
_aLB 1028.38 _b.N535 2011 |
||
| 100 | _aNewby, Timothy J. | ||
| 245 |
_aEducational technology for teaching and learning / _cTimothy J. Newby, et al. ; |
||
| 250 | _a4th | ||
| 260 |
_aUpper Saddle River, New Jersey : _bPearson Education, _c2011. |
||
| 300 |
_a337 p. : _bill. ; _c29 cm. |
||
| 521 | _aEDU | ||
| 650 | _aInstructional system-assign. | ||
| 650 | _aEducational technology-Planning. | ||
| 650 | _aComputer assisted instruction. | ||
| 700 | _aStepich, Donald | ||
| 700 | _aLehman, James | ||
| 700 | _aRussell, James | ||
| 942 |
_cBK _2lcc _kFOR |
||
| 999 |
_c24177 _d24177 |
||